Catálogo de la exposición de El libro en España e Hispanoamérica ; [exposición organizada por la Biblioteca Central de la Diputació Provincial de Barcelona]
Descripción Física:
233 p., XVI p. de làm : il. ; 21 cm
MARC
| LEADER | 00000nam a2200000Ia 4500 | ||
|---|---|---|---|
| 001 | 17029 | ||
| 003 | BGR | ||
| 005 | 20260324175327.0 | ||
| 008 | 160829s1962 xx 000 0 cat d | ||
| 080 | |a L-2-64 | ||
| 245 | |a Catálogo de la exposición de El libro en España e Hispanoamérica ; [exposición organizada por la Biblioteca Central de la Diputació Provincial de Barcelona] | ||
| 260 | |a Barcelona : |b Instituto Nacional del Libro Español, |c 1962 | ||
| 300 | |a 233 p., XVI p. de làm : |b il. ; |c 21 cm | ||
| 590 | |a Catàleg de l'exposició. | ||
| 590 | |a A la part superior de la portada: Unión Internacional de Editores. XVI Congreso. | ||
| 590 | |a Títol a la coberta i al llom: El Libro en España e Hispanoamérica | ||
| 650 | |a Llibres |x Amèrica Llatina |x Història |x Exposicions |9 27129 | ||
| 710 | 2 | |a Biblioteca Central (Barcelona, Catalunya) |9 54533 | |
| 710 | 1 | |a Instituto Nacional del Libro Español |9 71197 | |
| 901 | |a Arxiu | ||
| 942 | |n 1 |2 udc |c MON | ||
| 952 | |0 0 |1 0 |4 0 |6 L264 |7 1 |9 44284 |a Arxiu |b Arxiu |d 2016-12-01 |l 0 |o L-2-64 |p 17029 |r 2016-12-01 00:00:00 |w 2016-12-01 |y ARXIU | ||
| 999 | |c 46864 |d 46864 | ||